| 000 | 01248cab a2200301 4500 | ||
|---|---|---|---|
| 001 | ABS51256 | ||
| 008 | 090401t1994 xxu||||| |||| 00| 0 eng d | ||
| 035 | _a(Sirsi) u17636 | ||
| 041 | _aeng | ||
| 100 | _aWorzala, E. | ||
| 245 | _aOverseas property investments: how are they perceived by the institutional investor? | ||
| 260 | _c1994 | ||
| 350 | _a0 | ||
| 490 |
_aJournal of Property Valuation and Investment _v12(3) 1994, 31-47(17) |
||
| 520 | _aExamines results from 43 international investors who completed a survey exploring the decision-making process used by international property investors, including investment techniques; motivating factors and the major problems often associated with making overseas investments; and in particular the investors` attitudes towards currency risk. References. | ||
| 650 | _aINSTITUTIONAL INVESTORS | ||
| 650 | _aINTERNATIONAL INVESTMENT | ||
| 650 | _aMARKOWITZ | ||
| 650 | _aOVERSEAS INVESTMENT | ||
| 650 | _aPORTFOLIO PLANNING | ||
| 650 | _aPORTFOLIO THEORY | ||
| 650 | _aPROPERTY INVESTMENT | ||
| 650 | _aRESEARCH | ||
| 690 | _aPROPERTY-COMMERCIAL PROPERTY-COMMERCIAL PROPERTY FINANCE AND INVESTMENT | ||
| 690 | _aFINANCE AND INVESTMENT | ||
| 942 | _n0 | ||
| 948 | _c04/03/1997 | ||
| 999 |
_c11691 _d11691 |
||